Implementación de herramientas de análisis de datos para el área de C4 test
Shranjeno v:
| Glavni avtor: | |
|---|---|
| Format: | Tesis Knjiga |
| Izdano: |
[San José, Costa Rica]
2002
|
| Teme: | |
| Oznake: |
Označite
Brez oznak, prvi označite!
|
MARC
| LEADER | 00000nam a2200000Ia 4500 | ||
|---|---|---|---|
| 003 | 009089 | ||
| 005 | 20221231144150.0 | ||
| 008 | 140114s2002 cr a m 000 ||s d | ||
| 040 | |c cru CEDI | ||
| 090 | |a TFG 4642 | ||
| 100 | |a Quirós Mora, Juan Pablo |9 7135 | ||
| 245 | |a Implementación de herramientas de análisis de datos para el área de C4 test | ||
| 260 | |c 2002 |a [San José, Costa Rica] | ||
| 300 | |a 61 hojas : ilustraciones | ||
| 500 | |a Proyecto de graduación (bachillerato en ingeniería eléctrica)--Universidad de Costa Rica. Facultad de Ingeniería Eléctrica. Escuela de Ingeniería Eléctrica | ||
| 502 | |a Escuela de ingenieria Electrica | ||
| 650 | |x PROGRAMAS PARA COMPUTADORA |x PROCESAMIENTO DE DATOS EN TIEMPO REAL |x BASES DE DATOS RELACIONALES |9 7136 | ||
| 942 | |c TFG | ||
| 999 | |c 17834 |d 17834 | ||
